000 00250nam a2200097Ia 4500
008 170619s9999 xx 000 0 und d
100 _aPillai- N.N
245 0 _aPrinciples of Fluid Mechanics & Fluid Machines
260 _bUNIVERSITIES PRESS
260 _c2009
546 _aENGLISH
999 _c21399
_d21399